| 000 | 00811cam a22002773a 4500 | ||
|---|---|---|---|
| 001 | 3154 | ||
| 003 | PGUSA | ||
| 005 | 20140828083026.0 | ||
| 008 | 060406s2006||||xxu|||||s|||||000 1 eng d | ||
| 040 |
_aPGUSA _beng |
||
| 042 | _adc | ||
| 050 | 4 | _aPT | |
| 100 | 1 |
_aRaspe, Rudolf Erich, _d1737-1794 |
|
| 245 | 1 | 4 |
_aThe Surprising Adventures of Baron Munchausen _h[electronic resource] / _cRudolf Erich Raspe |
| 260 |
_bProject Gutenberg, _c2006 |
||
| 506 | _aPublic domain in the USA. | ||
| 516 | _aElectronic text | ||
| 653 | _aHumorous stories | ||
| 653 | _aInterplanetary voyages -- Fiction | ||
| 653 | _aFantasy | ||
| 653 | _aGerman wit and humor | ||
| 653 | _aVoyages, Imaginary -- Fiction | ||
| 830 | 0 |
_aProject Gutenberg _v3154 |
|
| 856 | 4 | 0 | _uhttp://www.gutenberg.org/ebooks/3154 |
| 942 | _cEB | ||
| 999 |
_c232483 _d232483 |
||